[Event "Rostock SSC op 14th"]
[Site "Rostock"]
[Date "2015.07.30"]
[Round "3.24"]
[White "Wurst, Maximilian"]
[Black "Ebeling, Christoph"]
[Result "1/2-1/2"]
[WhiteElo "1752"]
[BlackElo "1257"]
[PlyCount "98"]
[EventDate "2015.07.29"]
[EventType "swiss"]
[EventRounds "7"]
[EventCountry "GER"]
[SourceTitle "EXT 2019"]
[Source "ChessBase"]
[SourceDate "2018.10.10"]
[SourceVersion "1"]
[SourceVersionDate "2018.10.10"]
[SourceQuality "1"]

1. e4 e6 2. d4 Nf6 3. e5 Nd5 4. Nf3 d6 5. c4 Nb6 6. Nc3 dxe5 7. Nxe5 N8d7 8. Nf3 Be7 9. Be3 Nf6 10. Qc2 Nbd7 11. Bd3 b6 12. Nd2 Bb7 13. f3 Rc8 14. 0-0 c5 15. Be4 Bxe4 16. Ndxe4 Nxe4 17. Nxe4 Nf6 18. Rad1 Qc7 19. dxc5 Nxe4 20. fxe4 Bxc5 21. Bd4 e5 22. Bxc5 Qxc5+ 23. Rf2 Qxc4 24. Qxc4 Rxc4 25. Rfd2 0-0 26. Rd7 Rc2 27. Rb1 Rfc8 28. Rxa7 Rc1+ 29. Rxc1 Rxc1+ 30. Kf2 g6 31. b3 Rc2+ 32. Kg3 h6 33. Ra6 Rc6 34. b4 Kg7 35. a4 Rc3+ 36. Kf2 Ra3 37. b5 h5 38. g3 Kh6 39. h4 Kg7 40. Kg2 f5 41. exf5 gxf5 42. a5 bxa5 43. b6 Rb3 44. Rxa5 Rxb6 45. Rxe5 Kf6 46. Ra5 Rb2+ 47. Kh3 Rb6 48. Ra8 Kg7 49. Kg2 Rb3 1/2-1/2